000 00962nam a2200217Ia 4500
001 226.07-BER en be (3573)
003 IT-MiSPE
008 171229s9999||||xx |||||||||||||| ||und||
040 _aIT-MiSPE
_cIT-MiSPE
041 _aITALIANO
100 _aEnnio Bernasconi
245 0 _aLe Beatitudini
_bMeditazioni
250 _a1a ed. (v)
260 _aCinisello B.mo
_bEd. Paoline
_c(st.) 1957
300 _a312 p.
_c18 cm
490 _aVoci dall'alto
_v45
501 _aEdizioni San Paolo srl - Piazza Soncino, 5 - 20092 CINISELLO BALSAMO (MI) (non commercial uses only) ® Copyright 2018
942 _cBK
957 _71
999 _a7691
_bNO
_g Copie: 1
_c338982
_d338982